VOMP a vállalatorientált menedzserképzés integrált modellje.

Spojenie poradenstva a manažérskeho vzdelávania. Príprava vedúcich pracovníkov jedného podniku, zohľadňujúca špecifické potreby daného podniku. Výber poslucháčov. Plánovanie programu a obsahu výučby.

Gespeichert in:
Bibliographische Detailangaben
1. Verfasser: Poór, József
Weitere Verfasser: Zentai, K.
Format: Buchkapitel
Sprache:Ungarisch
Schlagworte:
Tags: Tag hinzufügen
Keine Tags, Fügen Sie das erste Tag hinzu!

MARC

LEADER 00000naa a2200000 4500
001 r010811
005 20221125113608.8
041 0 |a hun 
044 |a HU 
245 1 0 |a VOMP a vállalatorientált menedzserképzés integrált modellje.  |c J. Poór, K. Zentai 
520 |a Spojenie poradenstva a manažérskeho vzdelávania. Príprava vedúcich pracovníkov jedného podniku, zohľadňujúca špecifické potreby daného podniku. Výber poslucháčov. Plánovanie programu a obsahu výučby. 
610 2 0 |a modely 
610 2 0 |a vzdelávanie 
610 2 0 |a manažéri 
610 2 0 |a poradenstvo 
610 2 0 |a príprava odborná 
610 2 0 |a pracovníci vedúci 
610 2 0 |a potreby 
610 2 0 |a plán učebný 
100 1 |a Poór, József 
700 1 |a Zentai, K.